000 00920nam a22002897a 4500
001 10002
003 FISKH
005 20260325101312.0
008 260325b cb ||||| |||| 00| 0 eng d
020 _a9780590415903
040 _aFISKH
_beng
_cFISKH
_dFISKH
050 _aPZ7 .W64816 .M
082 _a563
100 _aWilhelm, Hans
_eAuthor
245 _aMore bunny trouble /
_cby Hans Wilhelm
260 _aNew York :
_bScholastic Inc. ,
_c1989
300 _a32 unnumbered pages :
_bcolor illustrations ;
_c23 cm
490 _aBunny Trouble :
_v2
505 _aJ
520 _aWhen his baby sister crawls away while he is supposed to be watching her, Ralph and the other bunnies stop decorating Easter eggs to search for her.
521 8 _a450
_bLexile estimate
521 8 _aJ
_bRaz-Plus
650 _aRabbits
_vHumor
650 _aAnimals
_vBehavior
942 _2ddc
_cBK
_n0
999 _c10002
_d10002